Chanakya Neeti. (Record no. 95081)

MARC details
000 -LEADER
fixed length control field 00488nam a2200205Ia 4500
008 - FIXED-LENGTH DATA ELEMENTS--GENERAL INFORMATION
fixed length control field 230125s9999 xx 000 0 und d
020 ## - INTERNATIONAL STANDARD BOOK NUMBER
International Standard Book Number 9789385609909
041 ## - LANGUAGE CODE
Language code of text/sound track or separate title eng
082 ## - DEWEY DECIMAL CLASSIFICATION NUMBER
Classification number 658
Item number SUT
100 ## - MAIN ENTRY--PERSONAL NAME
Personal name Sutra C.
9 (RLIN) 117318
245 ## - TITLE STATEMENT
Title Chanakya Neeti.
260 ## - PUBLICATION, DISTRIBUTION, ETC. (IMPRINT)
Date of publication, distribution, etc. 2017
Name of publisher, distributor, etc. Om Publishing.
Place of publication, distribution, etc. Uttar Pradesh
300 ## - PHYSICAL DESCRIPTION
Extent 207p
440 ## - SERIES STATEMENT/ADDED ENTRY--TITLE
Volume/sequential designation 1
500 ## - GENERAL NOTE
Keywords General Management;
650 ## - SUBJECT ADDED ENTRY--TOPICAL TERM
Topical term or geographic name as entry element Management
700 ## - ADDED ENTRY--PERSONAL NAME
Personal name Sutra C.
9 (RLIN) 117318
906 ## - LOCAL DATA ELEMENT F, LDF (RLIN)
b 29
Holdings
Withdrawn status Lost status Damaged status Not for loan Home library Current library Date acquired Vendor Cost, normal purchase price Bill number Total Checkouts Total Renewals Full call number Barcode Date last seen Date last checked out Cost, replacement price Bill Date Koha item type Original Barcode
        Smt. Hiraben Nanavati Institute of Management & Research for Women Smt. Hiraben Nanavati Institute of Management & Research for Women 08/03/2018 Pritam Book Centre 175.00 10540 6 2 658 SUT B15996 HIMR-BK-15996 27/03/2026 20/03/2026 146.00 26/02/2018 Books B15996